|
|
|
|
| LEADER |
00667naa a2200193 i 4500 |
| 001 |
publ10512 |
| 005 |
20190614083630.0 |
| 008 |
170210s2011 hu o 0|| zxx d |
| 020 |
|
|
|a 978-963-7341-89-2
|
| 024 |
7 |
|
|a 1771825
|2 mtmt
|
| 040 |
|
|
|a SZTE Publicatio Repozitórium
|b hun
|
| 041 |
|
|
|a zxx
|
| 100 |
1 |
|
|a Zvara Edina Éva
|
| 245 |
1 |
0 |
|a Ceglédi Szabó Pál
|h [elektronikus dokumentum] /
|c Zvara Edina Éva
|
| 260 |
|
|
|a rec.iti
|b Budapest, Magyarország
|c 2011
|
| 300 |
|
|
|a 301
|
| 300 |
|
|
|a 46-47
|
| 490 |
0 |
|
|a Magyar Művelődéstörténeti Lexikon LX. Minden kor
|
| 856 |
4 |
0 |
|u http://publicatio.bibl.u-szeged.hu/10512/1/Zvara_Cegledi_Szabo_Pal_MAMUL60.pdf
|z Dokumentum-elérés
|